000 00522nam a2200157 a 4500
001 000040662
005 20201002034303.0
008 130905s1987 xxua r 000 0 spa d
040 _aDO-SdBNP
_bspa
_cBNPHU
082 _axxxx
_bC828u
100 1 _aCortés, Félix
_967025
245 1 3 _aUn sitio en la cumbre :
_bprincipios guiadores de la vida para la juventud /
_cFélix Cortés.
260 _aFlorida :
_bAsociación Publicadora Interamericana,
_c1987.
300 _a191 p. :
_bil. ;
_c27 cm.
590 _aInventariado, 2018/
999 _c40152
_d40152